000 00310 a2200157 4500
001 160727
020 _a
040 _cMagnum
100 _a-
240 1 0 _aAs flores da pequena ida
_lpor
245 1 0 _aAs flores da pequena ida
362 0 _a1899
440 1 _aGlobo
697 _aIJ/CONTOS
942 _cBK
999 _c160727
_d160727